| 000 | 00576cam a22001934a 4500 | ||
|---|---|---|---|
| 020 | _a053439373X | ||
| 082 | 0 | 0 |
_a624.1821 _bSEG _cN-01, P-89 |
| 100 | 1 |
_aSegui, William T. _925287 |
|
| 245 | 1 | 0 |
_aLRFD steel design / _cWilliam T. Segui. |
| 250 | _a3rd ed. | ||
| 260 |
_aPacific Grove, CA : _bThomson/Brooks/Cole, _cc2003. |
||
| 300 |
_ax, 589 p. : _bill. ; _c25 cm. |
||
| 526 |
_a0 _b0 _c0 _d624_182100000000000_SEG |
||
| 650 | 0 | _aBuilding, Iron and steel. | |
| 650 | 0 |
_aLoad factor design. _922312 |
|
| 650 | 0 |
_aNUST _96342 |
|
| 650 | 0 | _aSteel, Structural. | |
| 942 |
_2ddc _cBK |
||
| 999 |
_c549649 _d549649 |
||